00785nam a22002417a 45000010005000000030010000050050017000150080041000320200018000730400047000910410008001380820016001461000038001622450065002002500006002652640049002713000013003203360027003333370033003603380028003936530044004217000078004653030CO-MdFUSB20180622073128.0180420t1972 xxu||||| |||| 00| 0 eng d a0-8028-3405-1 aCO-MdFUSBbspacCO-MdFUSBdCO-MdFUSBCerda0 aeng04aG 228 L154c1 aLadd, George Eldon (1911-)eautor12aA commentary on the Revelation of Johnc / George Eldon Ladd a2 4aGrand Rapids, Michigan :b Eerdmans,c©1972 a308 Pag. 2rdacontentatextobtxt 2rdamediaasin mediaciónbn 2rdacarrieravolumenbnc aBiblia N.T. - Apocalipsis - Comentarios1 aProfessor of New Testament Theology and Exegesis Fuller Theology Seminary